[Event "AUTO-MASTER-883"]
[Site "http://www.queenalice.com/game.php?id=639742"]
[Date "2009.8.20"]
[Round "1"]
[White "jahhaj"]
[Black "vinicius_rossitto"]
[Result "1-0"]
[WhiteElo "2088"]
[BlackElo "1951"]

1. d4 d5 2. c4 e6 3. Nc3 Nf6 4. Nf3 Be7 5. Bg5 O-O 6. e3 h6 7. Bh4 b6 8. Qc2 c5
9. Rd1 cxd4 10. Nxd4 Bb7 11. Be2 Nbd7 12. O-O Rc8 13. cxd5 Nxd5 14. Bxe7 Qxe7
15. Nxd5 Bxd5 16. Qa4 Rfd8 17. Bf3 Nc5 18. Qa3 Bxf3 19. Nxf3 Rxd1 20. Rxd1 Rd8
21. Rd4 Rxd4 22. Nxd4 a5 23. Qc3 1-0

[Event "AUTO-MASTER-883"]
[Site "http://www.queenalice.com/game.php?id=639743"]
[Date "2009.8.20"]
[Round "1"]
[White "vinicius_rossitto"]
[Black "jahhaj"]
[Result "1-0"]
[WhiteElo "2328"]
[BlackElo "2081"]

1. Nf3 d5 2. c4 dxc4 3. e4 c5 4. Bxc4 Nc6 5. O-O e6 6. Nc3 a6 7. d3 Nge7 8. Ne2
Na5 9. Bb3 Nec6 10. Be3 Be7 11. Rc1 b6 12. d4 cxd4 13. Nexd4 Bb7 14. Bxe6 fxe6
15. Nxe6 Qxd1 16. Rfxd1 Rc8 17. Bxb6 Kf7 18. Nfg5+ Kf6 19. f4 1-0

[Event "QA-ANNIV-05"]
[Site "http://www.queenalice.com/game.php?id=654417"]
[Date "2009.9.18"]
[Round "2"]
[White "jahhaj"]
[Black "jolomol"]
[Result "1-0"]
[WhiteElo "2075"]
[BlackElo "1996"]

1. d4 d5 2. c4 c6 3. Nc3 Nf6 4. Nf3 e6 5. Bg5 Be7 6. e3 Nbd7 7. Qc2 O-O 8. Rd1
dxc4 9. Bxc4 Nb6 10. Bb3 Nfd5 11. Bxe7 Qxe7 12. Ne4 Qb4+ 13. Nfd2 e5 14. dxe5
Bf5 15. Qc5 Bxe4 16. Qxb4 Nxb4 17. Nxe4 Rae8 18. Nd6 Rb8 19. e6 fxe6 20. Bxe6+
Kh8 21. O-O 1-0

[Event "AUTO-MASTER-922"]
[Site "http://www.queenalice.com/game.php?id=662415"]
[Date "2009.10.4"]
[Round "1"]
[White "doomedbr"]
[Black "jahhaj"]
[Result "0-1"]
[WhiteElo "2335"]
[BlackElo "2103"]

1. e4 e6 2. d4 d5 3. Nc3 Nf6 4. Bg5 Bb4 5. Bb5+ Bd7 6. Bxd7+ Qxd7 7. Bxf6 gxf6
8. Qf3 dxe4 9. Qxe4 Nc6 10. Nf3 O-O-O 11. a3 Bxc3+ 12. bxc3 Qd5 13. Qxd5 Rxd5
14. O-O Na5 15. a4 Nc4 16. g3 Rhd8 17. Rfe1 R8d6 18. Re4 Ra6 19. Rf4 Rf5 20.
Rxf5 exf5 21. Kg2 b5 22. d5 Rxa4 23. Re1 Nd6 24. Nd4 Rc4 25. Ra1 Kb7 26. Nc6
Rxc3 27. Rxa7+ Kb6 28. Ra2 Nc4 29. Nb4 Ra3 30. Rxa3 Nxa3 31. Kf3 Kc5 32. Na6+
Kxd5 33. Nxc7+ Kc4 34. Ke2 Nxc2 35. Kd1 Nd4 36. Ne8 b4 37. Nxf6 b3 38. Kc1 Ne2+
39. Kb2 Nc3 40. Nxh7 Nd1+ 41. Kb1 b2 42. Kc2 Kb4 43. Ng5 Ka3 44. Nf3 Ka2 45. Nd2
Nxf2 46. h4 Ne4 47. Nb1 Nxg3 48. Nc3+ Ka1 0-1

[Event "AUTO-MASTER-922"]
[Site "http://www.queenalice.com/game.php?id=662416"]
[Date "2009.10.4"]
[Round "1"]
[White "jahhaj"]
[Black "doomedbr"]
[Result "0-1"]
[WhiteElo "2110"]
[BlackElo "2290"]

1. d4 d5 2. c4 e6 3. Nc3 Nf6 4. Bg5 Nbd7 5. e3 Bb4 6. cxd5 Bxc3+ 7. bxc3 exd5 8.
Bd3 h6 9. Bh4 g5 10. Bg3 Ne4 11. Ne2 Nb6 12. Bxe4 dxe4 13. c4 Bg4 14. Qc2 Qe7
15. Nc3 O-O-O 16. c5 Nd5 17. Qxe4 Qxe4 18. Nxe4 f5 19. Be5 fxe4 20. Bxh8 Rxh8
21. Kd2 Rf8 22. Rhf1 Rf6 23. a3 h5 24. Rab1 h4 25. h3 Bf5 26. Rbe1 g4 0-1

[Event "AUTO-MASTER-922"]
[Site "http://www.queenalice.com/game.php?id=662427"]
[Date "2009.10.4"]
[Round "1"]
[White "boydelta"]
[Black "jahhaj"]
[Result "0-1"]
[WhiteElo "2291"]
[BlackElo "2140"]

1. e4 e6 2. d4 d5 3. Nc3 Nf6 4. exd5 exd5 5. h3 Be7 6. Nf3 O-O 7. Bd3 Re8 8. O-O
h6 9. a3 Nc6 10. Bf4 Be6 11. Bb5 Nd7 12. Re1 a5 13. Qd2 Ncb8 14. Re2 c6 15. Bd3
Nf8 16. Rae1 Nbd7 17. g4 Nh7 18. Nd1 Ndf8 19. c3 Ng5 20. Kg2 Nxf3 21. Kxf3 Bg5
22. Kg2 Bxf4 23. Qxf4 Qb8 24. Qd2 Qc7 25. f4 Bd7 26. Rxe8 Rxe8 27. Rxe8 Bxe8 28.
b4 Ne6 29. Kf3 axb4 30. axb4 g5 31. fxg5 hxg5 32. Nf2 Qf4+ 33. Qxf4 Nxf4 34. Bf5
Ne6 35. Nd3 Bd7 36. Ne5 Bc8 37. Kg3 Kg7 38. h4 gxh4+ 39. Kxh4 f6 40. Nd3 Bd7 41.
Kg3 Nf8 42. Kf4 Ng6+ 43. Bxg6 Kxg6 44. Nc5 Bc8 45. Na4 Bd7 46. Nb2 Be6 47. Nd3
Bd7 48. Ne1 Be6 49. Nf3 Bd7 50. g5 fxg5+ 51. Nxg5 Kf6 52. Nf3 Bf5 53. Ne5 Be6
54. Nd3 Bf5 55. Nc5 Bc8 56. Na4 Bf5 57. Ke3 Ke7 58. Nb6 Be6 59. Kd2 Kd6 60. Ke3
Ke7 61. Na8 b5 62. Kf4 Kd6 63. Nb6 Bh3 64. Kg3 Bf5 65. Kf4 Be6 66. Kg5 Kc7 67.
Kf6 Bh3 68. Nxd5+ cxd5 69. Ke7 Kc6 70. Kf6 Kd6 71. Kf7 Bd7 0-1

[Event "AUTO-MASTER-922"]
[Site "http://www.queenalice.com/game.php?id=662428"]
[Date "2009.10.4"]
[Round "1"]
[White "jahhaj"]
[Black "boydelta"]
[Result "1-0"]
[WhiteElo "2122"]
[BlackElo "2309"]

1. d4 Nf6 2. c4 g6 3. Nc3 Bg7 4. e4 d6 5. f3 O-O 6. Be3 Nc6 7. Nge2 e5 8. d5 Ne7
9. g4 h5 10. h3 c6 11. Qd2 cxd5 12. cxd5 b5 13. Nxb5 Bd7 14. Nec3 Qb8 15. O-O-O
Rc8 16. Kb1 a6 17. Na3 Rc7 18. Bc4 Qb4 19. Bb3 a5 20. Ne2 Qb8 21. Bg5 a4 22. Bc4
Raa7 23. gxh5 Kh7 24. Ng3 Rab7 25. Ka1 Neg8 26. hxg6+ fxg6 27. h4 Nh5 28. Nxh5
gxh5 29. Rc1 Rb4 30. Ba6 Ra7 31. Bc8 Nf6 32. Qc3 Bxc8 33. Qxc8 Rxb2 34. Qf5+ Kh8
35. Rc8+ Ng8 36. Rxb8 Rxb8 37. Be3 Rab7 38. Qxh5+ Bh6 39. Bxh6 Rh7 40. Rg1 Nxh6
41. Qg6 Ng8 42. Qxd6 Re8 43. Nc4 Rhe7 44. Qg6 Rf8 45. Qh5+ 1-0

[Event "AUTO-MASTER-922"]
[Site "http://www.queenalice.com/game.php?id=662433"]
[Date "2009.10.4"]
[Round "1"]
[White "Tsol"]
[Black "jahhaj"]
[Result "1-0"]
[WhiteElo "2374"]
[BlackElo "2154"]

1. e4 e6 2. d4 d5 3. e5 c5 4. c3 Nc6 5. Nf3 Bd7 6. Be2 Nge7 7. Na3 cxd4 8. Nb5
Nf5 9. Nbxd4 Ncxd4 10. Nxd4 Nxd4 11. Qxd4 Qc7 12. Be3 Be7 13. f4 b6 14. Qd2 O-O
15. O-O Bc5 16. Bd4 f6 17. exf6 Rxf6 18. Rac1 Raf8 19. b4 Bxd4+ 20. cxd4 Qd6 21.
g3 Rc8 22. Rxc8+ Bxc8 23. Qc3 Rf8 24. Rc1 Bb7 25. b5 Rc8 26. Qe3 Rxc1+ 27. Qxc1
Qd7 28. Kg2 Bc8 29. Kf2 Qd8 30. Qa3 Qc7 31. h3 g6 32. h4 Kf7 33. Qb2 Bd7 34. Bd3
Kg7 35. Qa3 Be8 36. Kf3 Bf7 37. Ke3 1-0

[Event "AUTO-MASTER-922"]
[Site "http://www.queenalice.com/game.php?id=662434"]
[Date "2009.10.4"]
[Round "1"]
[White "jahhaj"]
[Black "Tsol"]
[Result "0-1"]
[WhiteElo "2160"]
[BlackElo "2368"]

1. d4 d5 2. c4 c6 3. Nc3 e5 4. dxe5 d4 5. Ne4 Qa5+ 6. Bd2 Qxe5 7. Ng3 Nf6 8. Nf3
Qd6 9. Qc2 c5 10. e3 dxe3 11. fxe3 Nc6 12. Bd3 g6 13. Ne4 Nxe4 14. Bxe4 Bg7 15.
Bd5 O-O 16. O-O Ne7 17. e4 Nxd5 18. exd5 b5 19. Bc3 Bf5 20. Qd2 bxc4 21. Bxg7
Kxg7 22. Qc3+ f6 23. Qxc4 Rad8 24. Rfc1 Rf7 25. Qxc5 Qxd5 26. Qxd5 Rxd5 27. Rd1
Be6 28. Re1 Rd6 29. a3 Rfd7 30. Rac1 a5 31. b4 axb4 32. axb4 Rb7 33. Rb1 Rdb6
34. Nd4 Ba2 35. Rb2 Rxb4 36. Nf5+ gxf5 37. Rxa2 Kg6 38. Re3 f4 39. Rea3 Rb1+ 40.
Kf2 R1b5 41. Kf3 Rf5 42. Ra5 Rb3+ 43. Kf2 Re5 0-1

[Event "AUTO-MASTER-1017"]
[Site "http://www.queenalice.com/game.php?id=715637"]
[Date "2010.1.17"]
[Round "1"]
[White "jahhaj"]
[Black "Artking"]
[Result "1-0"]
[WhiteElo "2177"]
[BlackElo "2003"]

1. d4 Nf6 2. c4 c5 3. d5 b5 4. cxb5 a6 5. b6 g6 6. Nc3 Qxb6 7. e4 d6 8. Nf3 Nbd7
9. Be2 Bg7 10. Nd2 h5 11. Nc4 Qc7 12. O-O Ng4 13. h3 Nge5 14. Ne3 c4 15. Qa4 Kf8
16. Nxc4 Nxc4 17. Qxc4 Qxc4 18. Bxc4 Ne5 19. Be2 Rb8 20. Rb1 Bf6 21. Be3 g5 22.
f4 gxf4 23. Bxf4 Ng6 24. Bd2 Bd4+ 25. Kh1 Ne5 26. b3 Ng4 27. Nd1 a5 28. Bc3 Bxc3
29. Nxc3 Ne5 30. a3 Kg7 31. b4 axb4 32. axb4 Bd7 33. Rb3 h4 34. Ra1 Rhc8 35. Ra7
Rxc3 36. Rxc3 Rxb4 37. Bf3 Kf6 38. Rcc7 Rb1+ 39. Kh2 Nxf3+ 40. gxf3 Rb2+ 41. Kg1
Bxh3 42. Rxe7 Rg2+ 43. Kh1 Rg7 44. Kh2 Bf1 45. Red7 Be2 46. f4 Bh5 47. Rxd6# 1-0

[Event "AUTO-MASTER-1017"]
[Site "http://www.queenalice.com/game.php?id=715638"]
[Date "2010.1.17"]
[Round "1"]
[White "Artking"]
[Black "jahhaj"]
[Result "0-1"]
[WhiteElo "2027"]
[BlackElo "2169"]

1. e4 e6 2. d4 d5 3. Nd2 c5 4. e5 Nc6 5. Ndf3 cxd4 6. Ne2 Bb4+ 7. c3 dxc3 8.
bxc3 Bc5 9. Ned4 Nge7 10. Bd3 b6 11. Bg5 Qc7 12. Qe2 Bxd4 13. cxd4 Nxd4 14. Nxd4
Qc3+ 15. Qd2 Qxa1+ 16. Ke2 Qxh1 17. Qb4 O-O 18. Qxe7 Qa1 19. Be3 Ba6 20. Bxa6
Qxa2+ 21. Kf3 Qxa6 22. Kg3 Qd3 23. h4 a5 24. Qg5 Qg6 0-1

[Event "AUTO-MASTER-1017"]
[Site "http://www.queenalice.com/game.php?id=715639"]
[Date "2010.1.17"]
[Round "1"]
[White "jahhaj"]
[Black "danbots5k"]
[Result "0-1"]
[WhiteElo "2149"]
[BlackElo "2313"]

1. d4 Nf6 2. c4 e5 3. dxe5 Ng4 4. Bf4 Nc6 5. Nf3 Bb4+ 6. Nbd2 Qe7 7. e3 Ngxe5 8.
Nxe5 Nxe5 9. Be2 O-O 10. O-O d6 11. Nb3 Ng6 12. Bg3 Be6 13. a3 Bc5 14. Nxc5 dxc5
15. Qc2 f5 16. Bd3 h5 17. h3 h4 18. Bh2 Rad8 19. b3 Rd7 20. Rad1 Qg5 21. Kh1
Rfd8 22. Qe2 a5 23. a4 Bf7 24. Bc2 Nf8 25. Rxd7 Rxd7 26. Rd1 Re7 27. Rd8 Be8 28.
Rxe8 Rxe8 29. Qf3 c6 0-1

[Event "AUTO-MASTER-1017"]
[Site "http://www.queenalice.com/game.php?id=715640"]
[Date "2010.1.17"]
[Round "1"]
[White "danbots5k"]
[Black "jahhaj"]
[Result "1-0"]
[WhiteElo "2333"]
[BlackElo "2103"]

1. e4 c6 2. d4 d5 3. Nc3 dxe4 4. Nxe4 Bf5 5. Ng3 Bg6 6. Nf3 Nd7 7. Nh4 e6 8. Be2
Qxh4 9. O-O Bd6 10. c3 Qd8 11. Re1 Ngf6 12. Bg5 Qc7 13. b4 O-O 14. Bc4 Nd5 15.
Qb3 b5 16. Bf1 Rfe8 17. a3 e5 18. c4 bxc4 19. Bxc4 N7b6 20. dxe5 Rxe5 21. Rxe5
Bxe5 22. Re1 h6 23. Bd2 1-0

[Event "AUTO-MASTER-883"]
[Site "http://www.queenalice.com/game.php?id=720300"]
[Date "2010.1.25"]
[Round "2"]
[White "gafilho"]
[Black "jahhaj"]
[Result "1-0"]
[WhiteElo "2375"]
[BlackElo "2178"]

1. d4 d5 2. c4 c6 3. Nc3 Nf6 4. Nf3 dxc4 5. a4 Bf5 6. e3 e6 7. Bxc4 Bb4 8. Qb3
a5 9. Bd2 Nbd7 10. Ne2 Bxd2+ 11. Nxd2 Nb6 12. Ng3 Bg6 13. O-O O-O 14. Be2 Rb8
15. Rfd1 Nbd5 16. Bf3 b5 17. e4 Nb4 18. Qc3 Ra8 19. Nb3 Qb6 20. axb5 cxb5 21.
Nxa5 Rxa5 22. Qxb4 Rxa1 23. Rxa1 1-0

[Event "AUTO-MASTER-883"]
[Site "http://www.queenalice.com/game.php?id=720301"]
[Date "2010.1.25"]
[Round "2"]
[White "jahhaj"]
[Black "gafilho"]
[Result "0-1"]
[WhiteElo "2184"]
[BlackElo "2369"]

1. d4 f5 2. Bg5 Nf6 3. Bxf6 exf6 4. c4 Bb4+ 5. Nc3 O-O 6. Qb3 Na6 7. e3 c5 8.
Bd3 f4 9. Qc2 h6 10. Nf3 fxe3 11. fxe3 cxd4 12. exd4 Re8+ 13. Kf2 Nc7 14. a3
Bxc3 15. Qxc3 d5 16. c5 Be6 17. Rhe1 Qd7 18. Qc2 Bf7 19. b4 Ne6 20. a4 Nf4 0-1

[Event "AUTO-MASTER-883"]
[Site "http://www.queenalice.com/game.php?id=720306"]
[Date "2010.1.25"]
[Round "2"]
[White "jahhaj"]
[Black "mowliid12"]
[Result "0-1"]
[WhiteElo "2082"]
[BlackElo "2124"]

1. d4 Nf6 2. c4 e6 3. Nc3 Bb4 4. f3 c5 5. d5 exd5 6. cxd5 d6 7. e4 Bxc3+ 8. bxc3
h6 9. Bd3 O-O 10. Ne2 a6 11. a4 Nbd7 12. O-O Ne5 0-1

[Event "AUTO-MASTER-883"]
[Site "http://www.queenalice.com/game.php?id=720308"]
[Date "2010.1.25"]
[Round "2"]
[White "jahhaj"]
[Black "luciopac"]
[Result "0-1"]
[WhiteElo "2172"]
[BlackElo "2171"]

1. d4 d5 2. c4 c6 3. Nc3 Nf6 4. Nf3 dxc4 5. a4 Bf5 6. Ne5 e6 7. f3 Bb4 8. e4 Bg6
9. Bxc4 O-O 10. Be3 Nbd7 11. Nd3 Ba5 12. O-O Bc7 13. b4 Qe7 14. b5 e5 15. d5 Nb6
16. Bc5 Bd6 0-1

[Event "AUTO-MASTER-883"]
[Site "http://www.queenalice.com/game.php?id=720309"]
[Date "2010.1.25"]
[Round "2"]
[White "luciopac"]
[Black "jahhaj"]
[Result "1-0"]
[WhiteElo "2183"]
[BlackElo "2142"]

1. e4 e6 2. d4 d5 3. exd5 exd5 4. Nf3 Bd6 5. Bd3 Bg4 6. h3 Bh5 7. O-O Ne7 8. Be3
Nbc6 9. c3 Qd7 10. Nbd2 O-O-O 11. b4 Rde8 12. a4 f6 13. a5 g5 14. b5 Nd8 15. b6
1-0

[Event "AUTO-OPEN-1558"]
[Site "http://www.queenalice.com/game.php?id=722592"]
[Date "2010.1.30"]
[Round "3"]
[White "jahhaj"]
[Black "Zaubernuss"]
[Result "0-1"]
[WhiteElo "2131"]
[BlackElo "2367"]

1. d4 Nf6 2. c4 g6 3. Nc3 Bg7 4. e4 d6 5. f3 O-O 6. Be3 c5 7. dxc5 dxc5 8. Qxd8
Rxd8 9. Bxc5 Nc6 10. Nge2 Nd7 11. Be3 Nde5 12. Nf4 Nb4 13. Rc1 Be6 14. Bc5 Nbd3+
15. Nxd3 Nxd3+ 0-1

[Event "AUTO-OPEN-1558"]
[Site "http://www.queenalice.com/game.php?id=722593"]
[Date "2010.1.30"]
[Round "3"]
[White "Zaubernuss"]
[Black "jahhaj"]
[Result "1-0"]
[WhiteElo "2372"]
[BlackElo "2126"]

1. c4 c5 2. Nc3 Nc6 3. g3 g6 4. Bg2 Bg7 5. e3 Bxc3 6. dxc3 b6 7. h4 Bb7 8. h5
Qc7 9. hxg6 fxg6 10. e4 O-O-O 11. Nh3 Nf6 12. Bf4 1-0